| 000 -LEADER |
| fixed length control field |
00605nam a22002177a 4500 |
| 003 - CONTROL NUMBER IDENTIFIER |
| control field |
OSt |
| 005 - DATE AND TIME OF LATEST TRANSACTION |
| control field |
20230613141924.0 |
| 008 - FIXED-LENGTH DATA ELEMENTS--GENERAL INFORMATION |
| fixed length control field |
230613b ||||| |||| 00| 0 eng d |
| 020 ## - INTERNATIONAL STANDARD BOOK NUMBER |
| International Standard Book Number |
9783598117688 |
| 040 ## - CATALOGING SOURCE |
| Original cataloging agency |
SSBUL |
| Transcribing agency |
SSBUL |
| 041 ## - LANGUAGE CODE |
| Language code of text/sound track or separate title |
English |
| 082 ## - DEWEY DECIMAL CLASSIFICATION NUMBER |
| Edition number |
23 |
| Classification number |
022 |
| Item number |
If |
| 245 10 - TITLE STATEMENT |
| Title |
IFLA library building guideliness : |
| Remainder of title |
developments & reflections / |
| 260 ## - PUBLICATION, DISTRIBUTION, ETC. |
| Name of publisher, distributor, etc. |
K. G. Saur Munchen, |
| Date of publication, distribution, etc. |
2007. |
| 300 ## - PHYSICAL DESCRIPTION |
| Extent |
266 pages ; |
| Dimensions |
25 cm. |
| 500 ## - GENERAL NOTE |
| General note |
Includes index. |
| 650 ## - SUBJECT ADDED ENTRY--TOPICAL TERM |
| Topical term or geographic name entry element |
Library |
| General subdivision |
Guide book |
| 700 1# - ADDED ENTRY--PERSONAL NAME |
| Personal name |
Latimer, Karen ; Hiegaard, Hellen. |
| Relator term |
Edited by |
| 942 ## - ADDED ENTRY ELEMENTS (KOHA) |
| Koha item type |
Book (Short term) |
| 650 ## - SUBJECT ADDED ENTRY--TOPICAL TERM |
| 9 (RLIN) |
25791 |
| 700 1# - ADDED ENTRY--PERSONAL NAME |
| 9 (RLIN) |
25792 |
|
| Source of classification or shelving scheme |
|